Chronologie histoire médiévale (dans l'ordre) - Statistiques

Statistiques générales
  • Ce quiz a été pris 103 fois
  • Le résultat moyen est 46 sur 110
Statistiques - réponses
Question Réponse % Correct
Grande charte 1215
65%
Provisions d'Oxford 1258
60%
Mise d'Amiens 1264
60%
Bataille de Striling Bridge 1297
58%
Bataille de Falkirk 1298
58%
"Grande cause" d'Ecosse 1290
56%
Assassinat de John Comyn 1306
56%
Siège de Calais 1346-1347
56%
Création du Franc | Paix de Calais | Préliminaires de Brétigny 1360
56%
2ème campagne d'Edouard 1er au Pays de Galles 1282-1283
53%
Statut de Rhuddlan 1284
53%
Rattachement de Lyon au royaume de France 1312
53%
Episode du Grand Ferré 1358-1359
53%
1ère campagne d'Edouard 1er au Pays de Galles 1277
51%
Traité d'Athis 1305
51%
Bataille de Nevill's Cross 1346
51%
Jacquerie 1358
51%
Traité de Guérande 1365
51%
Bataille de Pontvallain | Du Guesclin nommé connétable de France 1370
51%
Journée des Harengs 1429
51%
Traité de Northampton 1328
49%
"Non bataille" de Buirenfosse 1339
49%
Etats généraux (réunis pour nvx impôts et libération de JLB) 1356
49%
Bataille d'Auray | Bataille de Cocherel 1364
49%
Philippe-le-Hardi épouse l'héritière de Flandre | Prise de Belleperche par les routiers 1369
49%
Première crise de folie de Charles VI 1392
49%
Bal des ardents 1393
49%
Premier traité d'Arras | Révolte des paysans du pays de Caux 1435
49%
Prise de Paris sous Charles VI 1435-1436
49%
Création des "Compagnies d'Ordonnance" 1445
49%
Traité de Paris 1303
47%
Combat des Trente 1351
47%
Siège d'Avignon par Geoffroy Boucicaut 1398
47%
Ligue de Gien 1410
47%
Ordonnance cabochienne 1413
47%
Bataille de Verneuil 1424
47%
Bataille de Bannockburn (date exacte) 23/24 juin 1314
47%
Bataille de Roosebeke | Harelle de Rouen | Révolte des Maillotins à Paris 1382
44%
Philippe-le-Hardi devient comte de Flandre 1384
44%
Bataille de Nicopolis 1396
44%
Mort de Philippe-le-Hardi 1404
44%
Apologie de Jean Petit sur le tyrannicide | Bataille d'Othée 1408
44%
Traité de Troyes 1420
44%
Praguerie 1440
44%
Expédition du dauphin Louis contre les Suisses | Trêve de Tours 1444
44%
Bataille de Castillon 1453
44%
Matines de Bruges (date exacte) 18 mai 1302
44%
Bataille de Courtrai (date exacte) 11 juillet 1302
42%
Bataille d'Halidon Hill 1333
42%
Traité de Berwick 1357
42%
Traité de Londres dit de "l'Endenture" 1359
42%
Etats généraux d'Amiens 1363
42%
Bataille de Najera 1367
42%
Wonderful Parliament 1386
42%
Première expédition de Richard II en Irlande 1394-1395
42%
Etats généraux d'Orléans 1439
42%
Bataille de Formigny | Révolte de Jack Cade 1450
42%
Bataille de Mons-en-Pévèle (date exacte) 18 août 1304
42%
Mort d'Etienne Marcel (date exacte) 31 juillet 1358
42%
Discours du dauphin Charles aux Halles de Paris (date excacte) 11 janvier 1358
40%
Bataille de Dupplin Moor 1332
40%
Assassinat du connétable d'Espagne 1354
40%
Paix de Tournai 1385
40%
Paix de Chartres 1409
40%
Bataille de Poitiers (date exacte) 19 septembre 1356
40%
Meurtre des maréchaux (date exacte) 22 février 1358
40%
Merciless Parliament 1388
37%
Débarquement d'Henri de Lancastre en Angleterre 1399
37%
Bataille navale de l'Ecluse (date exacte) 24 juin 1340
37%
Bataille d'Azincourt (date exacte) 25 octobre 1415
37%
Bataille de Crécy (date exacte) 26 aout 1346
37%
Guerre de succession de Bretagne 1341-1364
35%
Soustraction d'obédience de la France au pape 1394
35%
Révolte des Travailleurs 1381
33%
Bataille de Bosworth 1485
33%
Guerre de Castille 1351-1369
30%
Bataille de Brignais 1362
30%
Voyage de Charles VI dans le Languedoc 1389
30%
Batailles de Northampton et Wakefield 1460
30%
Siège de Nancy 1477
30%
Assassinat de Louis d'Orléans (date exacte) 23 novembre 1407
30%
Meurtre de Montereau (date exacte) 10 septembre 1419
28%
Reconquête de Charles V 1369-1380
28%
Règne de Charles le Téméraire (Bourgogne) 1467-1477
28%
Traité de Picquigny 1475
28%
Second traité d'Arras 1482
28%
Siège de Rouen 1418-1419
26%
Entrevue de Péronne 1468
26%
Sacre de Charles VII (date exacte) 17 juillet 1429
26%
Libération d'Orléans (date exacte) 8 mai 1429
26%
Trêves de Leulinghen 1384-1389-1393
23%
Bataille de Grandson | Bataille de Morat 1476
23%
Guerre de Guyenne 1294-1297
21%
Bataille de Montlhéry 1465
21%
Bataille de Guinegatte 1479
21%
Bataille de Patay (date exacte) 18 juin 1429
21%
Mort de Jeanne d'Arc (date exacte) 30 mai 1431
19%
Le Dauphin fuit Paris (date exacte) 17 mars 1358
16%
Aucun quiz correspondant
Distribution des résultats
% des personnes avec chaque résultat
Percentile par nombre de réponses
Votre historique - résultats
Vous n’avez pas pris ce quiz